000 00562nam a22001697a 4500
005 20251108165304.0
008 250721s1973 xx 000 0 ara d
082 1 4 _a956.502/علي
100 1 _aمحافظه، علي
245 1 0 _aتاريخ الأردن المعاصر :
_bعهد الإمارة 1912- 1946 /
264 1 _aعمان :
_bمطبعة القوات المسلحه الأردنيه،
_c1973.
300 _a223ص : خريطه
650 1 7 _aتاريخ الأردن
650 1 7 _aإمارة شرق الأردن
942 _2ddc
_cBK
999 _c24225
_d24225